Missing Word: 5 Actors, 1 Role II Quiz Stats

Quiz Updated Apr 30, 2016

Challenge
Share
Tweet
Embed
Score 0/31 Timer 04:00
0 Plays Today
Movie Answer % Correct
Actor #1Red
97.8%
Actor #3Toy
95.9%
Actor #5Dragon
95%
Actor #4Mamma
93.5%
Actor #4Mars
91.9%
Actor #5Road
91.9%
Actor #4Doubtfire
88.4%
Actor #4Thomas
87.6%
SolutionSean Connery
82.7%
Actor #3Mary
82%
Actor #5Golden
80.3%
Actor #1Extraordinary
80.2%
SolutionPierce Brosnan
73.6%
Actor #3Wuthering
69.8%
Actor #1Finding
69.4%
Actor #4Peak
68.8%
Movie Answer % Correct
SolutionJames Bond
63.7%
SolutionDaniel Craig
61.8%
Actor #3Lion
58.6%
SolutionRoger Moore
56%
Actor #1Little
53%
Actor #3Beast
49.7%
Actor #1Name
47.8%
SolutionTimothy Dalton
46.1%
Actor #2World
40.5%
Actor #5Layer
29.7%
Actor #2Shout
23%
Actor #2Curse
22.5%
Actor #5Kid
22.1%
Actor #2Cannonball
19%
Actor #2Wild
18.8%

Today's Daily Dose

Missing Word
The Killers Songs

Word Ladder
1967 Film

Quick Pick
Flag Names

On This Day
February 24th II

You're not logged in!

Compare scores with friends on all Sporcle quizzes.
Sign Up with Email
OR
Log In

You Might Also Like...

Show Comments

Extras

Top Quizzes Today


Score Distribution

Your Account Isn't Verified!

In order to create a playlist on Sporcle, you need to verify the email address you used during registration. Go to your Sporcle Settings to finish the process.